000 01416nam a2200337 a 4500
001 ebr10476328
003 CaPaEBR
006 m u
007 cr cn|||||||||
008 110623s2011 maua sb 001 0 eng d
020 _z9781608071081
020 _z9781608071098 (e-book)
040 _aCaPaEBR
_cCaPaEBR
035 _a(OCoLC)741684846
050 1 4 _aRC485
_b.R45 2011eb
100 1 _aReilly, J. Patrick.
245 1 0 _aElectrostimulation
_h[electronic resource] :
_btheory, applications, and computational model /
_cJ. Patrick Reilly ; Alan M. Diamant.
260 _aBoston :
_bArtech House,
_c2011.
300 _axvi, 335 p. :
_bill.
490 1 _aArtech House biomedical signals and systems series
504 _aIncludes bibliographical references and index.
505 0 _apt. 1. Theory and applications -- pt. 2. User's guide.
533 _aElectronic reproduction.
_bPalo Alto, Calif. :
_cebrary,
_d2013.
_nAvailable via World Wide Web.
_nAccess may be limited to ebrary affiliated libraries.
650 0 _aElectroconvulsive therapy.
650 0 _aElectricity
_xPhysiological effect.
655 7 _aElectronic books.
_2local
700 1 _aDiamant, Alan M.
710 2 _aebrary, Inc.
830 0 _aArtech House biomedical signals and systems series.
856 4 0 _uhttp://site.ebrary.com/lib/rucke/Doc?id=10476328
_zAn electronic book accessible through the World Wide Web; click to view
999 _c115256
_d115256